000
00288nam a22001337a 4500
008
170609b xxu||||| |||| 00| 0 eng d
020
_a
9781568023205
041
_a
eng
080
_2
6TH
_a
32
100
_a
19
101
_a
SHP
245
_a
THE SUPREME COURT
_c
BAUM, L
942
_2
udc
_c
BK
999
_c
16751
_d
16751